000 00773nam a2200241Ia 4500
003 OSt
005 20220923222338.0
006 a|||||r|||| 00| 0
007 ta
008 220922b |||||||| |||| 00| 0 hin d
024 _a204,576
037 _cTextual
040 _aARTS
_cARTS
_bhin
041 _2hin
_ahin
082 _aO157,1N5,11, 152J6
100 _aसेन, नवीन चंद्र; मधुप, अनु.
_9166793
245 0 _aप्लासी का युद्ध
246 _aPlāsī kā yuddha
260 _c1956
650 _aबंगाली साहित्य
_9156264
942 _hO157,1N5,11, 152J6
_cTEXL
_2CC
999 _c355324
_d355324